Chicago Sports Championship Title - Statistics

General Stats
  • This quiz has been taken 133 times
  • The average score is 17 of 19
Answer Stats
Answer % Correct
2016
99%
1985
95%
1991
95%
1992
95%
1993
95%
1996
95%
1997
95%
1998
95%
2015
95%
2013
94%
2005
93%
1908
92%
1907
91%
2010
91%
1906
83%
1917
76%
1961
73%
1934
68%
1938
66%
No matching quizzes found
Score Distribution
Percent of People with Each Score
Percentile by Number Answered
Your Score History
You have not taken this quiz